La vida y el arte de Ignacio Zuloaga (Record no. 7198)

MARC details
000 -CABECERA
campo de control de longitud fija 00808nam a2200253 a 4500
001 - NÚMERO DE CONTROL
campo de control BRCA_7524
005 - FECHA Y HORA DE LA ÚLTIMA TRANSACCIÓN
campo de control 20190320205855.0
008 - DATOS DE LONGITUD FIJA--INFORMACIÓN GENERAL
campo de control de longitud fija 160513s1950----sp-a###f##---#001-0#spa-#
041 ## - CÓDIGO DE LENGUA
Código de lengua del texto/banda sonora o título independiente spa
044 ## - CÓDIGO DEL PAÍS DE LA ENTIDAD EDITORA/PRODUCTORA
Código MARC del país sp
050 #4 - SIGNATURA TOPOGRÁFICA DE LA BIBLIOTECA DEL CONGRESO
Número de clasificación ND813
Número de documento/Ítem .L34 1950
100 1# - ENTRADA PRINCIPAL--NOMBRE DE PERSONA
Nombre de persona Lafuente Ferrari, Enrique
9 (RLIN) 2561
245 10 - MENCIÓN DE TÍTULO
Título La vida y el arte de Ignacio Zuloaga
Mención de responsabilidad, etc. Enrique Lafuente Ferrari.
260 ## - PUBLICACIÓN, DISTRIBUCIÓN, ETC.
Lugar de publicación, distribución, etc. Madrid
Nombre del editor, distribuidor, etc. Internacional
Fecha de publicación, distribución, etc. 1950
300 ## - DESCRIPCIÓN FÍSICA
Extensión 309 p.
Otras características físicas il. (algunas a color), 159 láminas
Dimensiones 30 cm.
500 ## - NOTA GENERAL
Nota general Incluye índice onomástico e índice de ilustraciones
500 ## - NOTA GENERAL
Nota general Ejemplar numerado 1485 de 2,000
500 ## - NOTA GENERAL
Nota general R75
504 ## - NOTA DE BIBLIOGRAFÍA, ETC.
Nota de bibliografía, etc. Bilbiografía p. 225-285
600 14 - PUNTO DE ACCESO ADICIONAL DE MATERIA--NOMBRE DE PERSONA
Nombre de persona Zuloaga Zabaleta, Ignacio
Fechas asociadas al nombre 1870-1945
9 (RLIN) 18562
650 14 - PUNTO DE ACCESO ADICIONAL DE MATERIA--TÉRMINO DE MATERIA
Término de materia o nombre geográfico como elemento de entrada Pintores españoles
Subdivisión general Biografías
9 (RLIN) 18563
902 ## - CATALOGADOR
Iniciales GFM
942 ## - ELEMENTOS DE PUNTO DE ACCESO ADICIONAL (KOHA)
Fuente del sistema de clasificación o colocación Library of Congress Classification
Tipo de ítem Koha Libros
Holdings
Estado de retiro Estado de pérdida Estado dañado No para préstamo Localización permanente Ubicación/localización actual Fecha de adquisición Número de inventario Total de préstamos Signatura topográfica completa Código de barras Fecha visto por última vez Precio válido a partir de Tipo de ítem Koha
El ejemplar forma parte de la colección y puede ser consultado según las políticas vigentes.       Biblioteca del Museo Franz Mayer (Rogerio Casas-Alatriste) Biblioteca del Museo Franz Mayer (Rogerio Casas-Alatriste) 16/05/2013 R75   ND813 .L34 1950 (R75) 8129 22/03/2019 22/03/2019 Libros